Udział źródeł wytwórczych w produkcji energii w Polsce - 2025.12. - Statystyki

Ogólne statystyki
  • Ten quiz został rozwiązany 6 razy
  • Średni wynik to 4 z 6
Statystyki odpowiedzi
Pozycja Udział procentowy Źródło wytwórcze energii elektrycznej % Poprawnych
1. 48,2 węgiel kamienny
100%
2. 18,3 węgiel brunatny
83%
3. 15,1 gaz
67%
4. 14,5 wiatr
50%
5. 2,4 słońce
33%
6. 1,6 woda
33%
Nie znaleziono quizów pasujących do podanych kryteriów
Rozkład punktacji
Procent ludzi z każdym wynikiem
Percentyl według liczby udzielonych odpowiedzi
Twoja historia wyników
Nie rozwiązałeś tego quizu